000 00616cab a2200217 4500
001 E1993
008 090401t1994 xxu||||| |||| 00| 0 eng d
035 _a(Sirsi) u36805
041 _aeng
245 _a`Grampian` conditions
260 _c1994
350 _a0
490 _aScottish Planning and Environmental Law
_vSPEL 41, February 1994, 1(1)
520 _aExplains what a `Grampian` condition is and discusses its use.
650 _aGRAMPIAN CONDITIONS
650 _aPLANNING PERMISSION
650 _aSECTION 50 AGREEMENTS
690 _aPLANNING LAW AND PRACTICE
942 _n0
948 _c04/03/1997
999 _c23818
_d23818